[Event "C.to Regionale Piemonte"]
[Site "Torino ITA"]
[Date "2011.05.29"]
[Round "5"]
[White "Ranieri, Fabrizio"]
[Black "Banchio, Davide"]
[Result "1-0"]
[WhiteElo "2305"]
[BlackElo "1976"]
[PlyCount "49"]
[EventDate "2011.05.27"]

1. e4 c5 2. Nf3 d6 3. d4 cxd4 4. Nxd4 Nf6 5. Nc3 g6 6. Bg5 Bg7 7. Bb5+ Nbd7 8.
Qe2 O-O 9. O-O-O Nc5 10. e5 dxe5 11. Ne6 Bxe6 12. Rxd8 Rfxd8 13. Bc4 Rac8 14.
Bxe6 Nxe6 15. Bxf6 Bxf6 16. Rd1 Nd4 17. Qe4 b5 18. Kb1 b4 19. Nd5 Rc4 20. f4
Rdc8 21. Ne3 b3 22. axb3 Rb4 23. Nd5 Rxc2 24. Nxb4 Re2 25. Rxd4 1-0